000 00521nam a22001697a 4500
003 OSt
005 20140310182202.0
008 130903t xxu||||| |||| 00| 0 eng d
050 _aGV 713
_b.D261 1994
082 _aHS 796
_bD29 1994
100 _aDavis, Kathleen A.
_916296
245 _aSport management successful private sector business strategies /
_cKathleen A. Davis.
260 _aUSA :
_bBrown & Benchmark communication Inc.,
_cc1994.
300 _a300 p. :
_bill. ;
_c24 cm.
942 _2lcc
_cHS
999 _c10242
_d10242